Engl. Vokabeln rückwärts #1 - Statistiken

Allgemein
  • Dieses Quiz wurde 47 mal gespielt
  • Das Durchschnittsergebnis liegt bei 14 aus 15
Antwortstatistiken
rückwärts Antwort Übersetzung % Korrekt
kravdraa aardvark Erdferkel
100%
noitadommocca accommodation Unterkunft
100%
rotca actor Schauspieler
100%
ecivda advice Rat
100%
enalpria airplane Flugzeug
100%
hguohtla although obwohl
100%
yvohcna anchovy Sardelle
100%
legna angel Engel
100%
lamina animal Tier
100%
elppa apple Apfel
100%
ollidamra armadillo Gürteltier
100%
smra arms Arme
100%
sugarapsa asparagus Spargel
100%
ecneidua audience Publikum
100%
nmutua autumn Herbst
100%
kcab back Rücken
100%
kcapkcab backpack Rucksack
100%
yrekab bakery Bäckerei
100%
ananab banana Banane
100%
egadnab bandage Verband
100%
teksab basket Korb
100%
tab bat Fledermaus
100%
snaeb beans Bohnen
100%
lufituaeb beautiful schön
100%
esuaceb because weil
100%
ylleb belly Bauch
100%
ekib bike Fahrrad
100%
sdrib birds Vögel
100%
tiucsib biscuit Keks
100%
kcalb black schwarz
100%
yrrebkcalb blackberry Brombeere
100%
dribkcalb blackbird Amsel
100%
esuolb blouse Bluse
100%
eulb blue blau
100%
yrrebeulb blueberry Heidelbeere
100%
ydob body Körper
100%
yob boy Junge
100%
niarb brain Gehirn
100%
daerb bread Brot
100%
rehtorb brother Bruder
100%
nworb brown braun
100%
hsurb brush Pinsel
100%
tekcub bucket Eimer
100%
eebelbmub bumblebee Hummel
100%
rehctub butcher Fleischer
100%
ylfrettub butterfly Schmetterling
100%
egabbac cabbage Kohl
100%
ekac cake Kuchen
100%
pac cap Mütze
100%
drac card Karte
100%
rekaterac caretaker Hausmeister
100%
retneprac carpenter Tischler
100%
reihsac cashier Kassierer
100%
tac cat Katze
100%
hsiftac catfish Wels
100%
yrutnec century Jahrhundert
100%
niahc chain Kette
100%
hateehc cheetah Gepard
100%
nekcihc chicken Huhn
100%
dlihc child Kind
100%
yenmihc chimney Schornstein
100%
etalocohc chocolate Schokolade
100%
hcruhc church Kirche
100%
nomannic cinnamon Zimt
100%
kaolc cloak Mantel
100%
sehtolc clothes Kleidung
100%
duolc cloud Wolke
100%
sevolc cloves Nelken
100%
elbatrofmoc comfortable bequem
100%
ynapmoc company Firma
100%
noititepmoc competition Konkurrenz
100%
tnemilpmoc compliment Kompliment
100%
noitapitsnoc constipation Verstopfung
100%
nroc corn Mais
100%
yrtnuoc country Land
100%
woc cow Kuh
100%
seirrebnarc cranberries Preiselbeeren
100%
elidocorc crocodile Krokodil
100%
worc crow Krähe
100%
rebmucuc cucumber Gurke
100%
noihsuc cushion Kissen
100%
remotsuc customer Kunde
100%
edaced decade Jahrzehnt
100%
reed deer Hirsch
100%
yreviled delivery Lieferung
100%
tsitned dentist Zahnarzt
100%
tresed desert Wüste
100%
tressed dessert Nachtisch
100%
repaid diaper Windel
100%
tnereffid different anders
100%
rotcod doctor Arzt
100%
god dog Hund
100%
evod dove Taube
100%
nogard dragon Drache
100%
ylfnogard dragonfly Libelle
100%
sserd dress Kleid
100%
llird drill Bohrmaschine
100%
Tsae East Osten
100%
lee eel Aal
100%
tceffe effect Wirkung
100%
tnalpgge eggplant Aubergine
100%
sgge eggs Eier
100%
eeyolpme employee Angestellter
100%
sepolevne envelopes Briefumschläge
100%
gnineve evening Abend
100%
rerolpxe explorer Entdecker
100%
worbeye eyebrow Augenbraue
100%
seye eyes Augen
100%
ecaf face Gesicht
100%
noihsaf fashion Mode
100%
rehtaef feather Feder
100%
revef fever Fieber
100%
gif fig Feige
100%
regnif finger Finger
100%
hsif fish Fisch
100%
ruolf flour Mehl
100%
xof fox Fuchs
100%
Yadirf Friday Freitag
100%
stiurf fruits Obst
100%
cilrag garlic Knoblauch
100%
suineg genius Genie
100%
taog goat Ziege
100%
esoog goose Gans
100%
yrrebesoog gooseberry Stachelbeere
100%
niarg grain Korn
100%
rehtomdnarg grandmother Großmutter
100%
separg grapes Trauben
100%
neerg green grün
100%
syrecorg grocerys Lebensmittel
100%
tatibah habitat Lebensraum
100%
riah hair Haare
100%
mah ham Schinken
100%
sdnah hands Hände
100%
daeh head Kopf
100%
ehcadaeh headache Kopfschmerzen
100%
gohegdeh hedgehog Igel
100%
thgieh height Höhe
100%
krowemoh homework Hausaufgaben
100%
esroh horse Pferd
100%
latipsoh hospital Krankenhaus
100%
ruoh hour Stunde
100%
retnuh hunter Jäger
100%
xebi ibex Steinbock
100%
anaugi iguana Leguan
100%
tnatropmi important wichtig
100%
noitammalfni inflammation Entzündung
100%
tlusni insult Beleidigung
100%
enitsetni intestine Darm
100%
tekcaj jacket Jacke
100%
Yraunaj January Januar
100%
hsifyllej jellyfish Qualle
100%
yrlewej jewelry Schmuck
100%
nehctik kitchen Küche
100%
iwik kiwi Kiwi
100%
eenk knee Knie
100%
bmal lamb Lamm
100%
keel leek Lauch
100%
nomel lemon Zitrone
100%
snel lens Objektiv
100%
rettel letter Brief
100%
yrarbil library Bibliothek
100%
efil life Leben
100%
thgil light Licht
100%
emil lime Limette
100%
noil lion Löwe
100%
spil lips Lippen
100%
drazil lizard Eidechse
100%
retsbol lobster Hummer
100%
xnyl lynx Luchs
100%
eipgam magpie Elster
100%
lammam mammal Säugetier
100%
htommam mammoth Mammut
100%
nam man Mann
100%
sitnam mantis Gottesanbeterin
100%
Hcram March März
100%
ebyam maybe vielleicht
100%
wodaem meadow Wiese
100%
nolem melon Melone
100%
tnim mint Minze
100%
Yadnom Monday Montag
100%
htnom month Monat
100%
esuom mouse Maus
100%
htuom mouth Mund
100%
tnemevom movement Bewegung
100%
reredrum murderer Mörder
100%
selcsum muscles Muskeln
100%
moorhsum mushroom Pilz
100%
wehpen nephew Neffe
100%
twen newt Molch
100%
ecein niece Nichte
100%
thgin night Nacht
100%
elagnithgin nightingale Nachtigall
100%
Htron North Norden
100%
eson nose Nase
100%
rebmun number Nummer
100%
esrun nurse Krankenschwester
100%
gemtun nutmeg Muskat
100%
noinipo opinion Meinung
100%
hcirtso ostrich Strauß
100%
lwo owl Eule
100%
stnerap parents Eltern
100%
torrap parrot Papagei
100%
pinsrap parsnip Pastinake
100%
aep pea Erbse
100%
kcocaep peacock Pfau
100%
raep pear Birne
100%
noisnep pension Rente
100%
hcrep perch Barsch
100%
step pets Haustiere
100%
ycamrahp pharmacy Apotheke
100%
rehpargotohp photographer Fotograf
100%
gip pig Schwein
100%
ekip pike Hecht
100%
elppaenip pineapple Ananas
100%
dnuorgyalp playground Spielplatz
100%
sreilp pliers Zange
100%
mulp plum Pflaume
100%
rebmulp plumber Klempner
100%
tacelop polecat Iltis
100%
otatop potato Kartoffel
100%
redwop powder Pulver
100%
erusserp pressure Druck
100%
ssecnirp princess Prinzessin
100%
noisseforp profession Beruf
100%
nikpmup pumpkin Kürbis
100%
elprup purple lila
100%
tibbar rabbit Hase
100%
noocar racoon Waschbär
100%
hsidar radish Radieschen
100%
daorliar railroad Eisenbahn
100%
niar rain Regen
100%
wobniar rainbow Regenbogen
100%
yrrebpsar raspberry Himbeere
100%
nevar raven Rabe
100%
yar ray Rochen
100%
nosaer reason Grund
100%
tpiecer receipt Quittung
100%
der red rot
100%
evitaler relative Verwandte
100%
tner rent Miete
100%
brabuhr rhubarb Rhabarber
100%
nobbir ribbon Schleife
100%
moor room Zimmer
100%
dalas salad Salat
100%
nomlas salmon Lachs
100%
tlas salt Salz
100%
tipdnas sandpit Sandkasten
100%
egasuas sausage Wurst
100%
was saw Säge
100%
fracs scarf Schal
100%
tsitneics scientist Wissenschaftler
100%
wercs screw Schraube
100%
ehtycs scythe Sense
100%
llugaes seagull Möwe
100%
esroh aes sea horse Seepferdchen
100%
esrohaes seahorse Seepferdchen
100%
laes seal Robbe
100%
dnoces second Sekunde
100%
wasees seesaw Wippe
100%
esnes sense Sinn
100%
krahs shark Hai
100%
peehs sheep Schaf
100%
flehs shelf Regal
100%
llehs shell Muschel
100%
seohs shoes Schuhe
100%
redluohs shoulder Schulter
100%
sgnilbis siblings Geschwister
100%
triks skirt Rock
100%
esceels sleeves Ärmel
100%
htols sloth Faultier
100%
lians snail Schnecke
100%
wons snow Schnee
100%
namwons snowman Schneemann
100%
skcos socks Socken
100%
nos son Sohn
100%
Htuos South Süden
100%
worraps sparrow Spatz
100%
diuqs squid Tintenfisch
100%
lerriuqs squirrel Eichhörnchen
100%
hsifrats starfish Seestern
100%
tiurfrats starfruit Sternfrucht
100%
srats stars Sterne
100%
yrenoitats stationery Schreibwaren
100%
enots stone Stein
100%
erots store Geschäft
100%
yrrebwarts strawberry Erdbeere
100%
teerts street Straße
100%
htgnerts strength Kraft
100%
ragus sugar Zucker
100%
sanatlus sultanas Rosinen
100%
remmus summer Sommer
100%
Yadnus Sunday Sonntag
100%
sessalgnus sunglasses Sonnenbrille
100%
enihsnus sunshine Sonnenschein
100%
noegrus surgeon Chirurg
100%
esirprus surprise Überraschung
100%
naws swan Schwan
100%
teews sweet süß
100%
gniws swing Schaukel
100%
egnirys syringe Spritze
100%
eniregnat tangerine Mandarine
100%
epat tape Klebeband
100%
enohpelet telephone Telefon
100%
taorht throat Hals
100%
seot toes Zehen
100%
otamot tomato Tomate
100%
yot toy Spielzeug
100%
sresuort trousers Hose
100%
tuort trout Forelle
100%
Yadseut Tuesday Dienstag
100%
eltrut turtle Schildkröte
100%
elcnu uncle Onkel
100%
nrocinu unicorn Einhorn
100%
selbategev vegetables Gemüse
100%
tev vet Tierarzt
100%
erutluv vulture Geier
100%
segaw wages Lohn
100%
retiaw waiter Kellner
100%
llaw wall Wand
100%
tellaw wallet Brieftasche
100%
tunlaw walnut Walnuss
100%
esuoheraw warehouse Lager
100%
ytnarraw warranty Garantie
100%
Yadsendew Wednesday Mittwoch
100%
keew week Woche
100%
dnekeew weekend Wochenende
100%
Tsew West Westen
100%
elahw whale Wal
100%
nehw when Wann?
100%
erehw where Wo?
100%
ohw who Wer?
100%
yhw why Warum?
100%
hsiw wish Wunsch
100%
namow woman Frau
100%
pohskrow workshop Werkstatt
100%
raey year Jahr
100%
sey yes ja
100%
yadretsey yesterday gestern
100%
inihccuz zucchini Zucchini
100%
barc crab Krabbe
80%
nosiop poison Gift
80%
gab bag Tasche
75%
yrelec celery Sellerie
67%
efink knife Messer
67%
sruobhgien neighbours Nachbarn
67%
tleb belt Gürtel
50%
ruoloc colour Farbe
50%
rae ear Ohr
50%
resare eraser Radiergummi
50%
cidemarap paramedic Sanitäter
50%
hsifreffup pufferfish Kugelfisch
50%
krots stork Storch
50%
rewot tower Turm
50%
maerc gnippihw whipping cream Schlagsahne
33%
secnatniauqca acquaintances Bekannte
0%
noonretfa afternoon Nachmittag
0%
elsia aisle Gang
0%
tna ant Ameise
0%
retaetna anteater Ameisenbär
0%
noitacilppa application Bewerbung
0%
tocirpa apricot Aprikose
0%
tnua aunt Tante
0%
regdab badger Dachs
0%
raeb bear Bär
0%
revaeb beaver Biber
0%
noillib billion Milliarde
0%
drazzilb blizzard Schneesturm
0%
raob boar Wildschwein
0%
senob bones Knochen
0%
dnarb brand Marke
0%
eldnac candle Kerze
0%
ydnac candy Süßigkeiten
0%
torrac carrot Karotte
0%
egdirtrac cartridge Patrone
0%
rallipretac caterpillar Raupe
0%
rewolfiluac cauliflower Blumenkohl
0%
eseehc cheese Käse
0%
yrrehc cherry Kirsche
0%
eeznapmihc chimpanzee Schimpanse
0%
lesihc chisel Meißel
0%
hcaorkcoc cockroach Kakerlake
0%
tnemelpmoc complement Ergänzung
0%
laroc coral Koralle
0%
hguoc cough Husten
0%
msicitirc criticism Kritik
0%
erutluc culture Kultur
0%
etad date Datum
0%
rethguad daughter Tochter
0%
yad day Tag
0%
sehsid dishes Speisen
0%
nihplod dolphin Delfin
0%
kcud duck Ente
0%
gongge eggnog Eierlikör
0%
sevle elves Elfen
0%
hsaleye eyelash Wimper
0%
noclaf falcon Falke
0%
rehtaf father Vater
0%
rethgiferif firefighter Feuerwehrmann
0%
emitixelf flexitime Gleitzeit
0%
toof foot Fuß
0%
ynnuf funny lustig
0%
ruf fur Fell
0%
erutinruf furniture Möbel
0%
tfig gift Geschenk
0%
lrig girl Mädchen
0%
sevolg gloves Handschuhe
0%
hsifdlog goldfish Goldfisch
0%
tnemnrevog government Regierung
0%
rehtafdnarg grandfather Großvater
0%
tiurfeparg grapefruit Pampelmuse
0%
taerg great großartig
0%
puorg group Gruppe
0%
gip aeniug Guinea pig Meerschweinchen
0%
tah hat Hut
0%
pih hip Hüfte
0%
yenoh honey Honig
0%
rewopesroh horsepower Pferdestärke
0%
dribgnimmuh hummingbird Kolibri
0%
eci ice Eis
0%
maj jam Marmelade
0%
eciuj juice Saft
0%
rehsifgnik kingfisher Eisvogel
0%
thgink knight Ritter
0%
reddal ladder Leiter
0%
gubydal ladybug Marienkäfer
0%
ekal lake See
0%
wal law Gesetz
0%
sgel legs Beine
0%
ecuttel lettuce Kopfsalat
0%
ecirocil licorice Lakritz
0%
toggam maggot Made
0%
taem meat Fleisch
0%
gniteem meeting Besprechung
0%
yaddim midday Mittag
0%
klim milk Milch
0%
ekatsim mistake Fehler
0%
esoom moose Elch
0%
rehtom mother Mutter
0%
yrassecen necessary notwendig
0%
kcen neck Hals
0%
levon novel Roman
0%
supotco octopus Krake
0%
tnemtnio ointment Salbe
0%
noino onion Zwiebel
0%
egnaro orange Orange
0%
niap pain Schmerzen
0%
retniap painter Maler
0%
repap paper Papier
0%
lecrap parcel Paket
0%
hcaep peach Pfirsich
0%
niugnep penguin Pinguin
0%
reppep pepper Paprika
0%
stnalp plants Pflanzen
0%
ycnangerp pregnancy Schwangerschaft
0%
tar rat Ratte
0%
ekanselttar rattlesnake Klapperschlange
0%
reednier reindeer Rentier
0%
soreconihr rhinoceros Nashorn
0%
mhtyhr rhythm Rhythmus
0%
nibor robin Rotkehlchen
0%
elpmas sample Probe
0%
Yadrutas Saturday Samstag
0%
srossics scissors Schere
0%
revirdwercs screwdriver Schraubendreher
0%
aes sea Meer
0%
tfihs shift Schicht
0%
trihs shirt Hemd
0%
levohs shovel Schaufel
0%
ssenkcis sickness Übelkeit
0%
retsis sister Schwester
0%
noteleks skeleton Skelett
0%
niks skin Haut
0%
hgiels sleigh Schlitten
0%
edils slide Rutsche
0%
gnirps spring Frühling
0%
hcamots stomach Bauch
0%
retaews sweater Pullover
0%
tiusmiws swimsuit Badeanzug
0%
elopdat tadpole Kaulquappe
0%
rehcaet teacher Lehrer
0%
hteet teeth Zähne
0%
Yadsruht Thursday Donnerstag
0%
emit time Uhrzeit
0%
daot toad Kröte
0%
sloot tools Werkzeug
0%
esiouqrut turquoise türkis
0%
kceneltrut turtleneck Rollkragen
0%
stnaprednu underpants Unterhosen
0%
eniccav vaccine Impfung
0%
yellav valley Tal
0%
hsinrav varnish Lack
0%
srefaw wafers Waffeln
0%
rehtaew weather Wetter
0%
etihw white weiß
0%
retniw winter Winter
0%
flow wolf Wolf
0%
doow wood Holz
0%
rekcepdoow woodpecker Specht
0%
wolley yellow gelb
0%
edoc piz zip code Postleitzahl
0%
Keine übereinstimmenden Quizze gefunden
Verteilung der Resultate
Anzahl Personen mit jedem Resultat
Perzentil nach korrekt beantworteten Fragen
Ihre Resultats-Entwicklung
Sie haben dieses Quiz noch nicht gespielt